| 000 | 00592nam a22001577a 4500 | ||
|---|---|---|---|
| 999 |
_c216495 _d216495 |
||
| 005 | 20260326164033.0 | ||
| 008 | 260326b ||||| |||| 00| 0 eng d | ||
| 040 |
_aLC _cUNZA _dUNZA _eRDA |
||
| 050 | _aGOV.ZAM (02) n.d. | ||
| 110 | _aZambia. Ministry of health | ||
| 245 |
_aZambia community health scorecard guidelines for social accountability : _b "where communities have their say" / _cZambia. Ministry of health |
||
| 260 |
_aLusaka: _bMinistry of health, _cn.d. |
||
| 300 |
_avi, 26 pages: _billustrations. |
||
| 650 |
_aCommunity health scorecard guidelines _zZambia |
||
| 942 | _cGOV-PUBS | ||